000 00680nam a2200133Ia 4500
008 171212s9999 xx 000 0 und d
020 _a9780833033215
100 _aLevin, Norman D.;Han, Yong-Sup
245 _cLevin, Norman D.;Han, Yong-Sup
_aSunshine in Korea
_bThe South Korean Debate over Policies Toward North Korea
260 _bRAND Corporation
_c2002
650 _aKorea (South) -- Politics and government -- 1988–; Korea (South) -- Foreign relations -- Korea (North); Korea (North) -- Foreign relations -- Korea (South); Kim, Dae Jung, 1925–; Korean reunification question (1945– )
650 _aPolitical Science
856 _uwww.jstor.org/stable/10.7249/mr1555capp
999 _c352587
_d352587